=LDR 00000nam 2200000 4500 =001 INLIS000000000022297 =005 20201201105311 =035 ##$$a 0010-061300000022297 =008 201201################g##########0#ind## =041 ##$$a Ind =082 ##$$a 330.07 =090 ##$$a 330.07, Win l =100 #$$a Windu winoto =245 1#$$a Ekonomi 3, Windu winoto /$c Drs.Windu Winoto =260 ##$$a Surakarta :$b Pabean,$c 1996 =300 ##$$a vi,168 hlm : $b ilus ; $c 25 x 17 cm =650 #4$$a Ekonomi-studi pengajaran =850 ##$$a NBPNMAT =084 ##$$a 330.07 WIN e =250 ##$$a ed.4 =990 ##$$a 12541254 =990 ##$$a 1199800782